|
|
|
|
| LEADER |
00734pam a22002058a 4500 |
| 001 |
00015628 |
| 005 |
20171026081022.0 |
| 008 |
110329s1985 ||||||Viesd |
| 041 |
0 |
# |
|a Vie
|
| 082 |
1 |
4 |
|a 335.434 7
|b M458S
|
| 100 |
0 |
# |
|a Phi - Đen Cax tơ rô
|
| 245 |
0 |
0 |
|a Một số bài phát biểu
|c Phi Đen Cax tơ rô
|
| 260 |
# |
# |
|a H.
|b thông tin lý luận
|c 1985
|
| 300 |
# |
# |
|a 310 tr.
|c 19 cm.
|
| 653 |
# |
# |
|a Cu Ba
|a Phi Đen Cax tơ rô
|a Xã hội chủ nghĩa
|a Đảng cộng sản
|
| 852 |
# |
# |
|b Kho mượn
|j KM.0012066
|
| 852 |
# |
# |
|b Kho đọc
|j KD.0001033
|
| 852 |
# |
# |
|j KD.0001033
|j KM.0012066
|
| 910 |
|
|
|d 29/03/2011
|
| 980 |
# |
# |
|a Trung tâm Học liệu Lê Vũ Hùng, Trường Đại học Đồng Tháp
|